| 000 | 00477nam a2200157Ia 4500 | ||
|---|---|---|---|
| 003 | OSt | ||
| 005 | 20200618104349.0 | ||
| 008 | 190216s9999||||xx |||||||||||||| ||und|| | ||
| 040 | _coclc | ||
| 082 |
_a954.8 _bRAM/O |
||
| 100 |
_aRamanappa, M N Venkata _93037 |
||
| 245 | 0 |
_aOutlines Of South Indian History / _cM N Venkata Ramanappa |
|
| 260 |
_bVikas Publications, _aNew Delhi: _c1979. |
||
| 300 | _a267p | ||
| 942 |
_cBK _2ddc _h954.8 _iRAM/O _k954.8 _mRAM/O |
||
| 999 |
_c19190 _d19190 |
||